Tisíc sklených Donkichotov

Bibliographic Details
Main Author: Vicen, Dušan, 1966- (Author)
Format: Article
Language:Slovak
Subjects:

MARC

LEADER 00000nab a2200000 a 4500
001 vtls000627174
003 SK-MaSNL
005 20260304094814.0
008 250425c1997 xo 0 slo
015 |a SNBRB19rr/mm-uuuuu 
035 |a CL0627313 
035 |a urn:nbn:sk:snk-abbquz 
035 |a (urnnbn)urn:nbn:sk:snk:ar-002v2a 
035 |a (uuid)04e44064-0908-4c8b-a734-6b8ded0d9a51 
040 |a SNKBUCL  |b slo  |c SNKBUCL  |e AACR2 
041 0 |a slo 
044 |a xo  |c SK 
080 |a 885.4-3  |2 1981 
100 1 |a Vicen, Dušan,  |d 1966-  |4 aut  |9 13412 
245 1 0 |a Tisíc sklených Donkichotov  |c Dušan Vicen 
650 0 7 |a poviedky psychologické  |2 snkbucl  |9 893883 
655 7 |a články z novín a časopisov  |2 snkbucl  |9 267496 
773 0 |t Dotyky  |g Roč. 9, č. 3 (1997), s. 54-55 
850 |a Slovenská národná knižnica 
852 |a Slovenská národná knižnica 
958 |a article15 
958 |a OND 
958 |a LX 
958 |a SK 
958 |a RK 
958 |a EUIPO 
992 |a RBX 
999 |c 2829052  |d 2830982